[Event "XXVII Miedzynarodowy Turniej im. Tadeus"]
[Site "Police"]
[Date "2012.??.??"]
[Round "3.8"]
[White "Kuciel, Wladyslaw"]
[Black "Kula, Robert"]
[Result "0-1"]
[WhiteElo "2002"]
[BlackElo "2341"]
[PlyCount "108"]

1. d4 d5 2. Nf3 c6 3. c4 Nf6 4. e3 Bg4 5. Nc3 e6 6. Qb3 Qc7 7. Ne5 Bf5 8. Bd2
Nbd7 9. Rc1 Qb6 10. Nxd7 Nxd7 11. c5 Qxb3 12. axb3 e5 13. b4 a6 14. Ne2 e4 15.
Ng3 Bg6 16. f3 f5 17. Be2 Nf6 18. O-O Be7 19. Bd1 O-O 20. Ne2 Rae8 21. Rc3 exf3
22. gxf3 Nh5 23. Ng3 f4 24. Nxh5 Bxh5 25. e4 Bf6 26. e5 Bd8 27. Ra3 Bg6 28. Be2
Re6 29. Rfa1 Bg5 30. Kh1 Bh4 31. Be1 Bd8 32. Bd2 Bh5 33. Rg1 Rh6 34. Rg2 Be8
35. Ra1 Bd7 36. Rag1 g6 37. Bf1 Kg7 38. Bd3 Rh3 39. Be2 Be6 40. Ra1 Rf7 41. Ra3
Rh5 42. Rg1 Bc8 43. b5 cxb5 44. Bxb5 Bh4 45. Ba4 Bf2 46. Rd1 Bg3 47. Rb3 Rxh2+
48. Kg1 Rf5 49. Kf1 Rfh5 50. Bd7 Bxd7 51. Rxb7 Rh1+ 52. Ke2 R5h2+ 53. Kd3 Rxd1
54. c6 Rdxd2+ 0-1

[Event "XXVII Miedzynarodowy Turniej im. Tadeus"]
[Site "Police"]
[Date "2012.??.??"]
[Round "3.9"]
[White "Przybylski, Wojciech"]
[Black "Graf, Pawel"]
[Result "1-0"]
[WhiteElo "2330"]
[BlackElo "2120"]
[PlyCount "71"]

1. e4 e5 2. Nf3 Nc6 3. d4 exd4 4. Nxd4 Bc5 5. Be3 Bb6 6. Nc3 d6 7. Qd2 Nf6 8.
O-O-O Bd7 9. f3 Qe7 10. Ndb5 Be6 11. Bxb6 axb6 12. Nd5 Bxd5 13. exd5 Ne5 14.
Re1 O-O 15. f4 Rxa2 16. Kb1 Ra5 17. fxe5 Rfa8 18. c4 dxe5 19. Bd3 e4 20. Be2 c6
21. dxc6 bxc6 22. Nd4 Qc7 23. Nb3 Re5 24. Rd1 Re6 25. Qe3 c5 26. Rd2 Re7 27. g3
h6 28. Rhd1 b5 29. Qxc5 bxc4 30. Qxc4 Qa7 31. Rd8+ Rxd8 32. Rxd8+ Kh7 33. Qc5
Qb7 34. Qf5+ g6 35. Qxf6 Re6 36. Rh8# 1-0

[Event "XXVII Miedzynarodowy Turniej im. Tadeus"]
[Site "Police"]
[Date "2012.??.??"]
[Round "3.10"]
[White "Tokarczyk, Tomasz"]
[Black "Musialkiewicz, Pawel"]
[Result "0-1"]
[WhiteElo "2220"]
[BlackElo "2090"]
[PlyCount "136"]

1. d4 d5 2. c4 c6 3. Nf3 e6 4. e3 Bd6 5. b3 Qe7 6. Bb2 f5 7. Bd3 Nf6 8. O-O O-O
9. Nc3 Nbd7 10. cxd5 Nxd5 11. Qb1 N7f6 12. Ne5 Bd7 13. g3 Be8 14. Nc4 Bb4 15.
Ne2 Bh5 16. Qc2 Qe8 17. a3 Be7 18. Ne5 Bd6 19. Nc3 Rc8 20. b4 Bxe5 21. dxe5 Nd7
22. e4 Nf4 23. Ne2 Nxd3 24. Qxd3 fxe4 25. Qxe4 Bf3 26. Qe3 Qh5 27. Nf4 Rxf4 28.
Qxf4 g5 29. g4 Bxg4 30. Qg3 Bf3 31. Rac1 Rf8 32. Rc3 Nb6 33. Bc1 Nd5 34. Rc4
Be2 35. Bxg5 Bxc4 36. Rc1 Be2 37. Be7+ Qg6 38. Bxf8 Kxf8 39. Re1 Qxg3+ 40. hxg3
Bf3 41. Rb1 Ne7 42. Rb3 Bd5 43. Rc3 Ng6 44. f4 h5 45. Kh2 h4 46. Rc1 hxg3+ 47.
Kxg3 Ke8 48. Kg4 Ne7 49. Rc2 Kd8 50. Rh2 Be4 51. Rh8+ Kc7 52. Rf8 Nd5 53. Kg5
Kb6 54. Re8 Bf5 55. Rf8 Ne3 56. Rf7 a5 57. bxa5+ Kxa5 58. Rxb7 c5 59. Rc7 c4
60. Kh4 Ka4 61. Kg3 Kb3 62. a4 c3 63. a5 c2 64. a6 Nc4 65. Rb7+ Kc3 66. a7 c1=Q
67. a8=Q Qg1+ 68. Kf3 Nd2+ 0-1

[Event "XXVII Miedzynarodowy Turniej im. Tadeus"]
[Site "Police"]
[Date "2012.??.??"]
[Round "3.11"]
[White "Chlost, Marlena"]
[Black "Smieszek, Wojciech"]
[Result "1-0"]
[WhiteElo "2186"]
[BlackElo "1809"]
[PlyCount "97"]

1. e4 c5 2. Nf3 Nc6 3. d4 cxd4 4. Nxd4 g6 5. c4 Nf6 6. Nc3 d6 7. Nc2 Bg7 8. Be2
O-O 9. O-O Be6 10. Be3 Qa5 11. f4 Rfc8 12. a3 a6 13. b4 Qd8 14. Rc1 Ng4 15.
Bxg4 Bxg4 16. Qd3 Be6 17. Nd5 Bxd5 18. exd5 Nb8 19. Bd4 Nd7 20. Bxg7 Kxg7 21.
Qd4+ Kg8 22. Ne3 a5 23. Ng4 f6 24. c5 axb4 25. axb4 dxc5 26. bxc5 Ra5 27. c6
bxc6 28. Rxc6 Nf8 29. Qc4 Qb6+ 30. Rxb6 Rxc4 31. d6 exd6 32. Nxf6+ Kf7 33. Rxd6
Ke7 34. Rb6 Rc2 35. Re1+ Kf7 36. Ng4 Raa2 37. Rb7+ Kg8 38. Ne3 Rf2 39. Rf1 Rfe2
40. Rb3 Ne6 41. f5 gxf5 42. Rb8+ Kf7 43. Rxf5+ Ke7 44. Rb7+ Kd6 45. Nc4+ Kc6
46. Rb6+ Kc7 47. Rf7+ Kc8 48. Nd6+ Kd8 49. Rb8# 1-0

[Event "XXVII Miedzynarodowy Turniej im. Tadeus"]
[Site "Police"]
[Date "2012.??.??"]
[Round "3.12"]
[White "Przybylska, Agata"]
[Black "Zschaebitz, Klaus"]
[Result "0-1"]
[WhiteElo "1651"]
[BlackElo "2105"]
[PlyCount "104"]

1. e4 e6 2. d4 d5 3. e5 c5 4. c3 Qb6 5. a3 Nc6 6. Nf3 Nh6 7. Bd3 Bd7 8. Bc2 Be7
9. b4 cxd4 10. cxd4 Nf5 11. Bxf5 exf5 12. Be3 a5 13. Nc3 axb4 14. Nxd5 Qd8 15.
axb4 Rxa1 16. Qxa1 Nxb4 17. Nxb4 Bxb4+ 18. Bd2 Bxd2+ 19. Nxd2 O-O 20. O-O Bc6
21. f4 Qd5 22. Nf3 Qe4 23. Qc1 h6 24. Re1 Qd5 25. Qc2 Qe6 26. Re3 Ra8 27. h3
Ra2 28. Qb3 Bd5 29. Qd3 g6 30. Qc3 Kg7 31. Qc5 Ra6 32. Nd2 Rc6 33. Qb4 Rc2 34.
Ra3 Rc8 35. Nb1 Rc4 36. Qb2 Qc6 37. Rc3 Rxc3 38. Qxc3 Bxg2 39. Qxc6 Bxc6 40.
Nc3 g5 41. fxg5 hxg5 42. Kf2 Kg6 43. d5 Be8 44. d6 f4 45. Nd5 Bd7 46. Kg2 b5
47. Ne7+ Kh5 48. Nd5 Kh4 49. Nf6 Bxh3+ 50. Kg1 b4 51. d7 Bxd7 52. Nxd7 b3 0-1

[Event "XXVII Miedzynarodowy Turniej im. Tadeus"]
[Site "Police"]
[Date "2012.??.??"]
[Round "3.13"]
[White "Maruszczak, Joanna"]
[Black "Kurpiewski, Slawomir"]
[Result "1/2-1/2"]
[WhiteElo "1811"]
[BlackElo "2168"]
[PlyCount "107"]

1. e4 e5 2. f4 exf4 3. Bc4 Nf6 4. Nc3 c6 5. Bb3 d5 6. exd5 Nxd5 7. Nxd5 cxd5 8.
d4 Qh4+ 9. Kf1 Be6 10. Qf3 Nc6 11. Ne2 O-O-O 12. Qxf4 Qxf4+ 13. Bxf4 Bg4 14. c3
Bd6 15. Bd2 Rhe8 16. Re1 Bc7 17. Nc1 Rxe1+ 18. Kxe1 Na5 19. Kf2 Nxb3 20. Nxb3
Re8 21. Re1 Rxe1 22. Bxe1 Bd1 23. Bd2 Bxb3 24. axb3 b5 25. h3 a5 26. Ke2 Kd7
27. Kd3 f5 28. c4 Kc6 29. c5 Bd8 30. b4 a4 31. Bf4 g5 32. Be5 h5 33. Ke3 h4 34.
Kf3 Ba5 35. Bf6 Bxb4 36. Bxg5 Be1 37. Ke2 Ba5 38. Bxh4 b4 39. Kd1 a3 40. bxa3
bxa3 41. Kc2 a2 42. Kb2 Bc3+ 43. Kxa2 Bxd4 44. Be7 Bxc5 45. Bxc5 Kxc5 46. h4
Kd4 47. h5 Ke5 48. h6 Kf6 49. Kb3 Kg6 50. Kc3 Kxh6 51. Kd4 f4 52. Kxd5 Kg5 53.
Ke4 Kg4 54. Ke5 1/2-1/2

[Event "XXVII Miedzynarodowy Turniej im. Tadeus"]
[Site "Police"]
[Date "2012.??.??"]
[Round "3.15"]
[White "Jacek, Krystian"]
[Black "Lanica, Lukasz"]
[Result "1-0"]
[WhiteElo "2074"]
[BlackElo "1675"]
[PlyCount "75"]

1. e4 c5 2. Ne2 Nc6 3. d4 cxd4 4. Nxd4 Nf6 5. Nc3 g6 6. Nb3 Bg7 7. Be2 O-O 8.
O-O d6 9. Bg5 Bd7 10. Rb1 Rc8 11. f4 Be6 12. Kh1 Re8 13. Bf3 a5 14. Nd5 Nb4 15.
c3 Nbxd5 16. exd5 Bf5 17. Rc1 Qb6 18. Qd4 Qc7 19. Qd2 Ne4 20. Bxe4 Bxe4 21.
Rfe1 Bf5 22. Nd4 Bd7 23. Bxe7 f6 24. Re3 Kf7 25. Rce1 Qc4 26. Ne6 Qxa2 27. Bxd6
Qc4 28. h3 b6 29. Nxg7 Kxg7 30. Re7+ Kg8 31. Rxd7 b5 32. Rde7 Red8 33. f5 g5
34. Bg3 h5 35. d6 h4 36. Bh2 Rc5 37. Qe2 Rcc8 38. Qh5 1-0

[Event "XXVII Miedzynarodowy Turniej im. Tadeus"]
[Site "Police"]
[Date "2012.??.??"]
[Round "3.16"]
[White "Maliszewski, Jaroslaw"]
[Black "Snihur, Piotr"]
[Result "0-1"]
[WhiteElo "1796"]
[BlackElo "2001"]
[PlyCount "58"]

1. c4 e6 2. e4 d5 3. cxd5 exd5 4. exd5 Nf6 5. Bb5+ Nbd7 6. Nc3 Be7 7. Nge2 O-O
8. Nf4 Nb6 9. Qb3 Bc5 10. O-O Qd6 11. d3 a6 12. Bc4 Re8 13. Bd2 Bf5 14. Rae1
Rxe1 15. Rxe1 Ng4 16. Rf1 g5 17. h3 Nxf2 18. d4 Bxd4 19. Nce2 Nxh3+ 20. Kh1
Nf2+ 21. Kg1 Bc5 22. Be3 Ng4 23. Bd4 gxf4 24. Rxf4 Bxd4+ 25. Rxd4 Qh2+ 26. Kf1
Re8 27. d6 Qh1+ 28. Ng1 Ne3+ 29. Ke1 Qxg1+ 0-1

[Event "XXVII Miedzynarodowy Turniej im. Tadeus"]
[Site "Police"]
[Date "2012.??.??"]
[Round "4.3"]
[White "Vysochin, Spartak"]
[Black "Przybylski, Wojciech"]
[Result "1/2-1/2"]
[WhiteElo "2533"]
[BlackElo "2330"]
[PlyCount "143"]

1. e4 e5 2. Nf3 Nf6 3. Nxe5 d6 4. Nf3 Nxe4 5. Nc3 Nxc3 6. dxc3 Be7 7. Be3 Nc6
8. Qd2 O-O 9. O-O-O Ne5 10. h4 c6 11. Kb1 Qa5 12. Be2 Ng4 13. a3 Re8 14. Bd3
Bd7 15. Bf4 h6 16. Nd4 Bf8 17. f3 Ne5 18. g4 Nxd3 19. Qxd3 Qa6 20. c4 d5 21.
cxd5 Qxd3 22. Rxd3 cxd5 23. h5 Rac8 24. Rhd1 a6 25. Nf5 Bb5 26. Re3 Rxe3 27.
Bxe3 Be2 28. Rxd5 Bxf3 29. Rd4 Re8 30. Rf4 Bd5 31. Rd4 Bf3 32. b4 Kh7 33. Bd2
Bc6 34. Kc1 g6 35. Nd6 Rd8 36. Bf4 Bf3 37. Be5 Bxd6 38. Bxd6 gxh5 39. gxh5 Bxh5
40. c4 Be2 41. c5 Re8 42. a4 Kg6 43. Kd2 Bf3 44. b5 axb5 45. axb5 Re2+ 46. Kc3
f5 47. Bf4 Re6 48. Rd7 h5 49. c6 Bxc6 50. bxc6 bxc6 51. Rd1 Kf7 52. Kd3 Re4 53.
Be3 h4 54. Rc1 Kg6 55. Rxc6+ Kh5 56. Rh6+ Kg4 57. Bf2 h3 58. Bc5 Kg3 59. Rh5
Kg4 60. Rh7 Kg3 61. Bd6+ Kg2 62. Rh5 Re8 63. Rg5+ Kh1 64. Bf4 Ra8 65. Ke2 h2
66. Rh5 Ra2+ 67. Kf3 Rf2+ 68. Kg3 Ra2 69. Rxf5 Ra3+ 70. Kf2 Ra5 71. Rf7 Ra7 72.
Rxa7 1/2-1/2

[Event "XXVII Miedzynarodowy Turniej im. Tadeus"]
[Site "Police"]
[Date "2012.??.??"]
[Round "4.4"]
[White "Kula, Robert"]
[Black "Olszewski, Michal"]
[Result "0-1"]
[WhiteElo "2341"]
[BlackElo "2526"]
[PlyCount "116"]

1. e4 c5 2. Nf3 d6 3. d4 cxd4 4. Nxd4 Nf6 5. Nc3 a6 6. Be2 e5 7. Nb3 Be7 8. O-O
O-O 9. Be3 Be6 10. f4 exf4 11. Rxf4 Nc6 12. Nd5 Bxd5 13. exd5 Ne5 14. c4 Nfd7
15. Rf1 Rc8 16. Rc1 Bg5 17. Bxg5 Qxg5 18. Nd4 g6 19. Rc3 Nc5 20. Rg3 Qd8 21. b3
Re8 22. Bg4 Rc7 23. Bf5 Kh8 24. Bc2 Ncd7 25. a4 Nf6 26. Qd2 Qe7 27. Qh6 Ng8 28.
Qf4 Rcc8 29. Rh3 Qf8 30. g4 Qg7 31. g5 Rc7 32. Rh4 Rce7 33. Qf2 Nd7 34. Rf4 Nc5
35. Qd2 Rf8 36. b4 Nd7 37. h4 Qe5 38. Kg2 Rc8 39. Bb3 a5 40. bxa5 Nc5 41. Bc2
Rcc7 42. R1f2 Rcd7 43. Qc3 Qg7 44. Qf3 Re1 45. Nb5 Qa1 46. Qc3+ Qxc3 47. Nxc3
Kg7 48. Nb5 h6 49. Nxd6 Rxd6 50. Rxf7+ Kh8 51. Rc7 Nd7 52. gxh6 Nxh6 53. a6
bxa6 54. a5 Ng4 55. Rd2 Nde5 56. Bb3 Rf6 57. Bd1 Ne3+ 58. Kg3 Nf1+ 0-1

[Event "XXVII Miedzynarodowy Turniej im. Tadeus"]
[Site "Police"]
[Date "2012.??.??"]
[Round "4.6"]
[White "Hnydiuk, Aleksander"]
[Black "Franzen, Jozef"]
[Result "1/2-1/2"]
[WhiteElo "2427"]
[BlackElo "2304"]
[PlyCount "68"]

1. e4 e5 2. Nf3 Nc6 3. d4 exd4 4. Nxd4 Nf6 5. Nxc6 bxc6 6. e5 Ne4 7. Nd2 Nxd2
8. Bxd2 d5 9. Bd3 Be6 10. O-O Qd7 11. f4 Bf5 12. Qf3 Bc5+ 13. Kh1 O-O 14. Bxf5
Qxf5 15. Qc3 Bb6 16. Qxc6 Qe6 17. Qc3 f5 18. exf6 Qxf6 19. Rae1 Bd4 20. Qd3
Bxb2 21. Qxd5+ Qf7 22. Qxf7+ Kxf7 23. g3 Rfd8 24. Be3 Rd6 25. Rb1 Bf6 26. Rb7
Rc6 27. Rf2 a6 28. Rd2 Re8 29. Bf2 Re4 30. Kg2 Rec4 31. Kf3 Rxc2 32. Rxc2 Rxc2
33. a4 Ke6 34. Be1 Kd7 1/2-1/2

[Event "XXVII Miedzynarodowy Turniej im. Tadeus"]
[Site "Police"]
[Date "2012.??.??"]
[Round "4.7"]
[White "Musialkiewicz, Pawel"]
[Black "Schmidt, Wlodzimierz"]
[Result "1/2-1/2"]
[WhiteElo "2090"]
[BlackElo "2382"]
[PlyCount "36"]

1. d4 Nf6 2. c4 g6 3. Nc3 d5 4. Nf3 Bg7 5. Bg5 Ne4 6. Bf4 Nxc3 7. bxc3 dxc4 8.
Qa4+ Qd7 9. Qxc4 b6 10. e3 Ba6 11. Qb3 Bxf1 12. Kxf1 O-O 13. Ke2 c5 14. Rhd1
cxd4 15. cxd4 Nc6 16. a4 Rac8 17. Qb5 Rfd8 18. Kf1 Na5 1/2-1/2

[Event "XXVII Miedzynarodowy Turniej im. Tadeus"]
[Site "Police"]
[Date "2012.??.??"]
[Round "4.8"]
[White "Jacek, Roksana"]
[Black "Chlost, Marlena"]
[Result "0-1"]
[WhiteElo "1861"]
[BlackElo "2186"]
[PlyCount "74"]

1. e4 c5 2. c3 d6 3. d4 Nf6 4. Bd3 g6 5. Nf3 Bg7 6. O-O O-O 7. Be3 cxd4 8. cxd4
Nc6 9. Nbd2 Ng4 10. a3 Nxe3 11. fxe3 a6 12. Rc1 Bd7 13. Bc4 e6 14. Qe1 Na5 15.
Ba2 Bb5 16. Rf2 Rc8 17. b4 Rxc1 18. Qxc1 Qc8 19. Qd1 Nc4 20. Nxc4 Bxc4 21. Bxc4
Qxc4 22. Rc2 Qb3 23. Qc1 Qd3 24. e5 dxe5 25. Nxe5 Bxe5 26. dxe5 Kg7 27. Rc7 Qe4
28. Qc5 Rd8 29. Qc1 Qg4 30. Kf2 Rd1 31. Qc2 Qh4+ 32. Ke2 Qe1+ 33. Kf3 Rd2 34.
Qe4 h5 35. Rxf7+ Kxf7 36. Qxb7+ Kg8 37. Ke4 Qh4+ 0-1

[Event "XXVII Miedzynarodowy Turniej im. Tadeus"]
[Site "Police"]
[Date "2012.??.??"]
[Round "4.11"]
[White "Snihur, Piotr"]
[Black "Graf, Pawel"]
[Result "1-0"]
[WhiteElo "2001"]
[BlackElo "2120"]
[PlyCount "129"]

1. e4 e5 2. Nf3 Nc6 3. Bb5 g6 4. c3 Bg7 5. d4 exd4 6. cxd4 a6 7. Bc4 b5 8. Bb3
Nge7 9. Nc3 O-O 10. O-O d6 11. Bg5 h6 12. Bf4 Bg4 13. Be3 Na5 14. Bc2 Nc4 15.
Qc1 Bxf3 16. gxf3 Nc6 17. Rd1 Qh4 18. b3 Nxe3 19. Qxe3 Nb4 20. Rac1 Nxc2 21.
Rxc2 f5 22. Nd5 fxe4 23. Qxe4 Qg5+ 24. Kf1 Rae8 25. h4 Qh5 26. Ne7+ Kh7 27.
Rxc7 Rf7 28. Re1 Bf8 29. Nd5 Rxe4 30. Nf6+ Kg7 31. Nxh5+ Kg8 32. Nf6+ Rxf6 33.
fxe4 Rf4 34. h5 gxh5 35. e5 dxe5 36. dxe5 Bb4 37. Re3 Kf8 38. e6 Be7 39. Ra7 b4
40. Rxa6 Kg7 41. Rc6 Kf6 42. Rc4 Rf5 43. f4 Ra5 44. Re2 Ra6 45. Rce4 h4 46. Kg2
Ra8 47. Re5 Rc8 48. Kh3 Kg6 49. f5+ Kg5 50. Rd5 Rc3+ 51. Kh2 h3 52. Rd7 Kf6 53.
Rxe7 Kxe7 54. f6+ Ke8 55. f7+ Ke7 56. Rf2 Rc8 57. Kxh3 Rf8 58. Re2 h5 59. Kh4
Rh8 60. Re5 Ra8 61. Kxh5 Rxa2 62. Kg6 Rb2 63. Rf5 Rg2+ 64. Rg5 Rd2 65. Kg7 1-0

[Event "XXVII Miedzynarodowy Turniej im. Tadeus"]
[Site "Police"]
[Date "2012.??.??"]
[Round "4.13"]
[White "Smieszek, Wojciech"]
[Black "Pawlicz, Adam"]
[Result "1-0"]
[WhiteElo "1809"]
[BlackElo "2079"]
[PlyCount "63"]

1. e4 c6 2. d4 d5 3. exd5 cxd5 4. c4 Nf6 5. Nc3 e6 6. Nf3 Be7 7. cxd5 Nxd5 8.
Bc4 Nc6 9. O-O O-O 10. Re1 a6 11. Bb3 Bf6 12. Ne4 h6 13. Nxf6+ Qxf6 14. Qd3 Rd8
15. a3 b5 16. Ne5 Bb7 17. Bc2 Nde7 18. Qh7+ Kf8 19. Ng4 Qxd4 20. Nxh6 gxh6 21.
Bxh6+ Ke8 22. Rad1 Qg4 23. Bg7 Rd5 24. Rxd5 Nxd5 25. Bf5 Qg5 26. Qg8+ Kd7 27.
Qxf7+ Nde7 28. Qxe6+ Kc7 29. Be5+ Kb6 30. Bd4+ Kc7 31. Qd7+ Kb8 32. Qd6# 1-0

[Event "XXVII Miedzynarodowy Turniej im. Tadeus"]
[Site "Police"]
[Date "2012.??.??"]
[Round "4.14"]
[White "Jacek, Krystian"]
[Black "Przybylska, Agata"]
[Result "1-0"]
[WhiteElo "2074"]
[BlackElo "1651"]
[PlyCount "75"]

1. e4 e6 2. d4 d5 3. Nd2 Nf6 4. e5 Nfd7 5. Bd3 c5 6. c3 Nc6 7. Ngf3 Qb6 8. O-O
cxd4 9. cxd4 Nxd4 10. Nxd4 Qxd4 11. Nf3 Qb6 12. Qa4 Be7 13. a3 O-O 14. Qc2 h6
15. b4 Qc6 16. Qe2 Nb6 17. Nd4 Qc7 18. Bf4 Bd7 19. Rac1 Qd8 20. Bb1 Bg5 21.
Bxg5 hxg5 22. Qh5 f5 23. exf6 Rxf6 24. Bg6 Rxg6 25. Qxg6 Qf6 26. Qd3 Nc4 27.
Ne2 Rf8 28. f4 g4 29. f5 Nb2 30. Qd2 exf5 31. Qxd5+ Be6 32. Qd4 Qxd4+ 33. Nxd4
Bc8 34. Rc7 Nd3 35. Rd1 Nf4 36. Rdc1 Be6 37. Nxe6 Nxe6 38. Rxb7 1-0

[Event "XXVII Miedzynarodowy Turniej im. Tadeus"]
[Site "Police"]
[Date "2012.??.??"]
[Round "4.15"]
[White "Oleniak, Wlodzimierz"]
[Black "Kurpiewski, Slawomir"]
[Result "1-0"]
[WhiteElo "1863"]
[BlackElo "2168"]
[PlyCount "71"]

1. d4 Nf6 2. c4 e6 3. Nc3 Bb4 4. Bd2 O-O 5. Qc2 d5 6. e3 c5 7. dxc5 dxc4 8.
Bxc4 Bxc5 9. Nf3 a6 10. Ne4 Be7 11. Bd3 h6 12. Rd1 Nd5 13. a3 Nc6 14. O-O Qe8
15. Nc3 Nb6 16. Ne4 Nd7 17. Bc3 f5 18. Ng3 Bf6 19. Bc4 Nde5 20. Nxe5 Nxe5 21.
Ba2 Kh8 22. Ne2 Bd7 23. Rd6 Nf7 24. Rb6 Nd8 25. Rd6 Nf7 26. Rb6 Rb8 27. Bxf6
gxf6 28. Nf4 Nd8 29. Rd1 Bc6 30. Rd6 Rc8 31. Qd1 e5 32. Nh5 Qg6 33. Bd5 Ba4 34.
b3 Be8 35. Nxf6 Bf7 36. Nd7 1-0

[Event "XXVII Miedzynarodowy Turniej im. Tadeus"]
[Site "Police"]
[Date "2012.??.??"]
[Round "4.16"]
[White "Lanica, Lukasz"]
[Black "Maliszewski, Jaroslaw"]
[Result "0-1"]
[WhiteElo "1675"]
[BlackElo "1796"]
[PlyCount "100"]

1. e4 e5 2. d4 exd4 3. Qxd4 Nc6 4. Qe3 b6 5. Nc3 Nf6 6. Bd2 Bc5 7. Qg3 O-O 8.
O-O-O d6 9. f3 a6 10. Nge2 b5 11. Nf4 Ne5 12. Ncd5 Nxd5 13. Nxd5 c6 14. Nf4 f5
15. Nh5 Qe7 16. Bh6 Rf7 17. Bg5 Qe6 18. Kb1 fxe4 19. Nf4 Qf5 20. fxe4 Qg4 21.
Qxg4 Bxg4 22. Ne2 Rxf1 23. Rdxf1 Bxe2 24. Re1 Bc4 25. b3 Bf7 26. Rhf1 Bg6 27.
h3 Re8 28. Bf4 Nf7 29. Bd2 Rxe4 30. Rd1 Re2 31. g4 d5 32. a4 Be4 33. axb5 axb5
34. h4 Ne5 35. Rf4 Nf3 36. Rxf3 Bxf3 37. g5 Be4 38. Kb2 b4 39. h5 Bd4+ 40. Kb1
Bc3 41. Bxc3 Bxc2+ 42. Kc1 Bxd1 43. Bxb4 Bxb3 44. h6 gxh6 45. gxh6 c5 46. Ba5
d4 47. Bc7 d3 48. Bf4 c4 49. Bg5 c3 50. Bf4 Re1# 0-1

[Event "XXVII Miedzynarodowy Turniej im. Tadeus"]
[Site "Police"]
[Date "2012.??.??"]
[Round "4.5"]
[White "Musialkiewicz, Jan"]
[Black "Chojnacki, Krzysztof"]
[Result "1-0"]
[WhiteElo "2189"]
[BlackElo "2441"]
[PlyCount "77"]

1. e4 e5 2. Nf3 Nc6 3. d4 exd4 4. Nxd4 Nf6 5. Nc3 Bb4 6. Nxc6 bxc6 7. Bd3 d5 8.
exd5 cxd5 9. O-O O-O 10. Bg5 c6 11. Qf3 Be7 12. Rfe1 h6 13. Bxh6 gxh6 14. Qe3
Re8 15. Qxh6 Be6 16. Re5 Ne4 17. Bxe4 dxe4 18. Rd1 Bd5 19. Nxd5 cxd5 20. Rdxd5
Qb6 21. Rg5+ Bxg5 22. Rxg5+ Qg6 23. Rxg6+ fxg6 24. Qxg6+ Kf8 25. c4 Rad8 26. h4
Rd1+ 27. Kh2 Rd7 28. h5 Rf7 29. h6 Ree7 30. c5 Rh7 31. c6 Rhf7 32. b4 Rh7 33.
b5 Ref7 34. a4 Ke8 35. Qg8+ Ke7 36. c7 Rxh6+ 37. Kg1 Rfh7 38. Qxh7+ Rxh7 39.
c8=Q 1-0

[Event "XXVII Miedzynarodowy Turniej im. Tadeus"]
[Site "Police"]
[Date "2012.??.??"]
[Round "5.4"]
[White "Malisauskas, Vidmantas"]
[Black "Vysochin, Spartak"]
[Result "1/2-1/2"]
[WhiteElo "2460"]
[BlackElo "2533"]
[PlyCount "71"]

1. e4 e6 2. d4 d5 3. Nd2 c5 4. Ngf3 Nc6 5. exd5 exd5 6. Bb5 cxd4 7. Nxd4 Bd7 8.
N2f3 Bd6 9. c4 Qe7+ 10. Be3 Bb4+ 11. Ke2 Nf6 12. a3 Bc5 13. Bxc6 bxc6 14. Re1
O-O 15. Kf1 dxc4 16. Qc2 Nd5 17. Qxc4 Qd6 18. Rac1 Bb6 19. Bd2 Rac8 20. Ne5 Be6
21. Qd3 Bxd4 22. Qxd4 c5 23. Qh4 Qb8 24. Qg3 Rfe8 25. Bh6 g6 26. Kg1 f6 27. Nc4
Qxg3 28. hxg3 Rcd8 29. Ne3 c4 30. Nxd5 Bxd5 31. Rxe8+ Rxe8 32. Rd1 Rd8 33. Be3
a6 34. Bb6 Rd7 35. Ba5 Be6 36. Rxd7 1/2-1/2

[Event "XXVII Miedzynarodowy Turniej im. Tadeus"]
[Site "Police"]
[Date "2012.??.??"]
[Round "5.6"]
[White "Przybylski, Wojciech"]
[Black "Musialkiewicz, Pawel"]
[Result "1-0"]
[WhiteElo "2330"]
[BlackElo "2090"]
[PlyCount "109"]

1. e4 e6 2. d4 d5 3. Nd2 Nf6 4. e5 Nfd7 5. Bd3 c5 6. c3 Nc6 7. Ne2 cxd4 8. cxd4
f6 9. exf6 Nxf6 10. Nf3 Bd6 11. O-O Qc7 12. g3 O-O 13. Bf4 Ng4 14. Qd2 e5 15.
dxe5 Ngxe5 16. Nxe5 Nxe5 17. Nd4 Qb6 18. Bxe5 Bxe5 19. Nb5 a6 20. Nc3 Bd4 21.
Nxd5 Qc5 22. Ne7+ Kh8 23. Nxc8 Raxc8 24. Rae1 Rf6 25. Re2 Rcf8 26. Be4 b5 27.
Bg2 h6 28. Be4 Qb6 29. Bb1 g6 30. Qxh6+ Kg8 31. Be4 Bxf2+ 32. Kg2 Qc5 33. b4
Qc4 34. Bf3 Bd4 35. Re7 Qxa2+ 36. Kh3 R6f7 37. Bd5 Qxd5 38. Rfxf7 Qxf7 39. Rxf7
Kxf7 40. Qf4+ Bf6 41. Qc7+ Be7 42. Qb7 Rh8+ 43. Kg2 Rh5 44. Qxa6 Re5 45. Qa2+
Kg7 46. Qb2 Bf6 47. Qc2 Kh7 48. Qc7+ Bg7 49. Qd7 Kh8 50. h4 Kh7 51. g4 Kg8 52.
Qd6 Kh7 53. Kf3 Bh8 54. Kf4 Bg7 55. Qxe5 1-0

[Event "XXVII Miedzynarodowy Turniej im. Tadeus"]
[Site "Police"]
[Date "2012.??.??"]
[Round "5.8"]
[White "Chojnacki, Krzysztof"]
[Black "Snihur, Piotr"]
[Result "1-0"]
[WhiteElo "2441"]
[BlackElo "2001"]
[PlyCount "85"]

1. d4 Nf6 2. c4 e6 3. Nc3 d5 4. Nf3 Bb4 5. Bg5 h6 6. Bxf6 Qxf6 7. e3 O-O 8. Rc1
c6 9. Bd3 Nd7 10. O-O dxc4 11. Bxc4 e5 12. Ne4 Qe7 13. Qc2 exd4 14. exd4 Nb6
15. Bd3 Be6 16. a3 Bd6 17. Rfe1 Nd5 18. Ne5 Nf4 19. Bf1 Rad8 20. Qc3 Nd5 21.
Qf3 Qc7 22. Nc5 Rfe8 23. h3 Nb6 24. Qh5 Bd5 25. Bd3 Bxe5 26. dxe5 Nd7 27. Nxd7
Qxd7 28. Re3 Be6 29. Rg3 Kh8 30. Re1 Rg8 31. Ree3 c5 32. Rg6 fxg6 33. Qxg6 Qxd3
34. Rxd3 Rxd3 35. Qxd3 Re8 36. Qg6 Re7 37. f4 Kg8 38. g4 Kf8 39. f5 Bd7 40. e6
Bc8 41. f6 gxf6 42. Qxf6+ Ke8 43. Qh8# 1-0

[Event "XXVII Miedzynarodowy Turniej im. Tadeus"]
[Site "Police"]
[Date "2012.??.??"]
[Round "5.9"]
[White "Tokarczyk, Tomasz"]
[Black "Jacek, Krystian"]
[Result "1/2-1/2"]
[WhiteElo "2220"]
[BlackElo "2074"]
[PlyCount "113"]

1. d4 Nf6 2. c4 e6 3. g3 d5 4. Nf3 c6 5. Qc2 Be7 6. Bg2 O-O 7. O-O Nbd7 8. Nbd2
c5 9. cxd5 Nxd5 10. a3 cxd4 11. Nxd4 Ne5 12. Rd1 Qb6 13. Nc4 Nxc4 14. Qxc4 Rd8
15. e4 Nf6 16. Be3 Ng4 17. Nf5 Nxe3 18. Nxe7+ Kf8 19. Rxd8+ Qxd8 20. Qc5 Qxe7
21. Qxe3 e5 22. Rc1 Be6 23. Bf1 b6 24. Bc4 Rd8 25. Bxe6 Qxe6 26. Kg2 Qd6 27.
Qc3 Ke7 28. h4 Qd4 29. Qf3 Rd7 30. Rc3 g6 31. h5 Qd1 32. hxg6 Qxf3+ 33. Kxf3
hxg6 34. Ke3 Rd1 35. Rc7+ Rd7 36. Rc8 Ke6 37. f4 f6 38. Rg8 Kf7 39. Ra8 Ke6 40.
Re8+ Kf7 41. Rh8 Ke6 42. Ra8 Re7 43. b4 f5 44. a4 exf4+ 45. Kxf4 g5+ 46. Kf3
fxe4+ 47. Kxe4 Rc7 48. Kf3 Rc4 49. a5 Rxb4 50. a6 Ra4 51. Rxa7 Kf6 52. Ra8 b5
53. a7 Kg7 54. Rb8 Rxa7 55. Rxb5 Kg6 56. Rb6+ Kf5 57. Rb5+ 1/2-1/2

[Event "XXVII Miedzynarodowy Turniej im. Tadeus"]
[Site "Police"]
[Date "2012.??.??"]
[Round "5.11"]
[White "Radwan, Leszek"]
[Black "Zschaebitz, Klaus"]
[Result "0-1"]
[WhiteElo "2091"]
[BlackElo "2105"]
[PlyCount "186"]

1. d4 e6 2. c4 Nf6 3. Nc3 Bb4 4. a3 Bxc3+ 5. bxc3 b6 6. Bg5 h6 7. Bh4 Bb7 8. f3
d6 9. e4 Nbd7 10. Bd3 c5 11. Ne2 Qc7 12. Bg3 e5 13. d5 Nh5 14. Bf2 Nf4 15. g3
Nxd3+ 16. Qxd3 Ba6 17. O-O Nf6 18. a4 O-O 19. Nc1 Bc8 20. Be3 Bh3 21. Rf2 h5
22. a5 bxa5 23. Rfa2 Nd7 24. Rxa5 Nb6 25. Nb3 f5 26. exf5 Bxf5 27. Qe2 Nd7 28.
R5a2 Rf7 29. Nd2 Nf6 30. Bg5 Nh7 31. Be3 Qc8 32. Ra6 Qf8 33. g4 hxg4 34. fxg4
Bc8 35. R6a2 Nf6 36. h3 e4 37. Qg2 Qe7 38. Rf1 a5 39. g5 Nh5 40. Rxf7 Qxf7 41.
Nxe4 Qd7 42. h4 a4 43. Qf3 g6 44. Bc1 Ra6 45. Nf6+ Nxf6 46. Qxf6 Qe8 47. Kf2
Qf7 48. Qxf7+ Kxf7 49. Ke3 Bd7 50. Ba3 Rb6 51. Rb2 Ra6 52. Rb7 Ke7 53. Rb2 Ra8
54. Rb7 Rh8 55. Ra7 Rxh4 56. Bc1 Rxc4 57. Kd3 Rh4 58. Kc2 Rh2+ 59. Bd2 Rh8 60.
Ra6 Rh4 61. Kb2 Re4 62. Ra8 Re5 63. c4 Rf5 64. Ra7 Rf8 65. Bc3 Rb8+ 66. Ka2 Kd8
67. Bf6+ Kc8 68. Ra6 Rb4 69. Rxd6 Rxc4 70. Ra6 Rc2+ 71. Ka3 Rd2 72. d6 Kb7 73.
Ra5 Rd3+ 74. Kb2 c4 75. Rc5 a3+ 76. Ka2 Kb6 77. Re5 Rxd6 78. Kxa3 Bb5 79. Kb4
Ba6 80. Re3 Kc6 81. Kc3 Bb5 82. Bd4 Kd7 83. Re5 Ba6 84. Re3 Rc6 85. Bf6 Rb6 86.
Re7+ Kd6 87. Rg7 Rb3+ 88. Kd2 Rd3+ 89. Kc2 Bb5 90. Rxg6 Ba4+ 91. Kb2 Rb3+ 92.
Kc2 Kd5 93. Bc3 Rb6+ 0-1